Statistiche per Programmi TV condotti da Simona Ventura

Clicka qui per fare il quiz!

Statistiche generali

  • Questo quiz è stato fatto 4 volte
    (2 dall'ultimo reset)
  • Il punteggio medio è 14 su 67

Statistiche sulle risposte

CanaleAnno/iGenereProgramma TV% Corretto
Canale 52018talent show, musicale, danzaAmici di Maria De Filippi
100%
Rai 12002musicaleDopoFestival
100%
Rai 12003-2004musicaleFestival di Sanremo
100%
Rai 12004musicale, modaSanremo Fashion
100%
Rai 11996musicaleSanremo Giovani
100%
Rai 22021talk show, rotocalcoCitofonare Rai 2
50%
Italia 11997musicaleFestivalbar
50%
Rai 11992-1994rotocalco, talk show, sportivoLa domenica sportiva
50%
Rai 22022raccolta fondi, sportLa partita del cuore
50%
Italia 11997-2001, 2016talk show, rotocalco, investigativoLe iene
50%
Rai 2, Canale 52003-2011; 2016realityL'isola dei famosi
50%
Italia 11994-1997commedia, sportivoMai dire gol
50%
LA72014-2015concorsoMiss Italia
50%
Rai 22005-2006reality, musicaleMusic Farm
50%
Rai 22001-2011varietà, sportivoQuelli che... il calcio
50%
Canale 51995, 1999varietà, candid cameraScherzi a parte
50%
Canale 51996varietà, candid cameraScherzi a parte Show
50%
Techetechete'2015montaggioTechetechete'
50%
Rai 22022-2023raccolta fondiTelethon
50%
Rai 22019talent show, musicaleThe Voice of Italy
50%
Rai 2, Rai 1, Sky Uno2008-2009; 2009; 2011-2013talent show, musicaleX Factor
50%
Italia 11998-1999varietà, commediaZelig - facciamo Cabaret
50%
Canale 5, Rete 41999-2000varietà, musicale2000 e una notte
0%
Italia 11997documentario, varietà, musicaleAdriano specialmente Celentano
0%
Italia 12001realityCari amici miei
0%
Rai 3, Nove2022-2023, dal 2023varietà, talk showChe tempo che fa
0%
Cielo2012-2013rotocalco, sportivoCielo che gol
0%
Rai 12007varietàColpo di genio
0%
Agon Channel2015talk showContratto
0%
Cielo2013cucinaCooking Simo
0%
Canale 51995varietàCuori e denari
0%
Real Time2020-2021documentarioDiscovering Simo
0%
Rai 11988-1989game showDomani sposi
0%
Rai 11991-1992talk show, varietà, infotainmentDomenica in
0%
Rai 22020doumentario - intervistaFenomeno Ferragni
0%
Rai 11994; 2019musicaleFestival di Castrocaro
0%
Telemontecarlo1990-1991rotocalco, talk show, sportivoGalagoal
0%
Rai 22021game showGame of Games - Gioco Loco
0%
Italia 11999-Gli indelebili '99
0%
Telemontecarlo1992sportGran galà del ciclismo
0%
Canale 51996varietàIl boom
0%
Rai 22019docu-realityIl collegio
0%
Fox Life2015realityIl contadino cerca moglie
0%
Nove2019realityIl supplente
0%
Rai 1dal 2024talent show, varietàL'acchiappatalenti
0%
Rai 22019rotocalco, sportivo, talk showLa Domenica Ventura
0%
Rai 22002talk showLa grande notte del lunedì sera
0%
Rai 12002musicaleLa sera dei miracoli
0%
Rai 12005game showLe tre scimmiette
0%
Agon Channel2014-2015sportivoLeyton Orient
0%
Italia 11998-2001documentarioMatricole
0%
Canale 52000modaModa mare a Capri
0%
Rai 22006musicaleMusic Star
0%
Rai 12015talent showNotti sul ghiaccio
0%
Canale 51997-Oggi sposi
0%
Rai 11994-1995musicalePavarotti international
0%
Canale 52001varietà, commediaPiccole canaglie
0%
Rai 11994varietà, game showScommettiamo che...?
0%
Canale 52016-2017realitySelfie - Le cose cambiano
0%
Rai 12021musicale, artisticoSenato & Cultura - Omaggio allo sport tricolore
0%
Rai 22019-2020rotocalco, sportivo, talk showSettimana Ventura
0%
Sky Uno2012cinemaSimona Goes To Hollywood
0%
Rai 22019televisioneSpeciale La casa di carta
0%
Canale 52018realityTemptation Island VIP
0%
Canale 52022realityUltima fermata
0%
Agon Channel2014evento TVWelcome 33
0%
Sky Uno2013modaYamamay Fashion Show
0%

Distribuzione punteggi

Percentile per numero di risposta

Percentuale di utenti per punteggio

I tuoi punteggi nel tempo

Non hai fatto questo quiz dall'ultimo reset